000 00594nam a2200205Ii 4500
003 JO-AjNU
008 230606s9999||||xx |||||||||||||| ||und||
020 _a978-3-319-02098-3
040 _aJO-AjNU
_beng
_erda
_cJO-AjNU
041 _aeng
050 1 4 _aQA377.O55.2014
100 3 _aOlver,PETRE,
_eauthor
_94761
245 0 0 _aintroduction Partial Differential Equations
264 3 1 _aSpringer,2014
300 _a634p
336 _atext
_btxt
_2rdacontent
337 _aunmediated
_bn
_2rdamedia
338 _avolume
_bnc
_2rdacarrier
650 4 _a Differential equations, Partial. 
_94762
999 _aE2466
_c2464
_d2464